Catálogo
 En Linea

La coleccion de arte mas viajera. (Registro nro. 14542)

Detalles MARC
000 -CABECERA
campo de control de longitud fija 00985cam a2200265 a 4500
001 - NÚMERO DE CONTROL
campo de control 000014967
005 - FECHA Y HORA DE LA ÚLTIMA TRANSACCIÓN
campo de control 20200929163931.0
008 - DATOS DE LONGITUD FIJA--INFORMACIÓN GENERAL
campo de control de longitud fija 941012s1993 sp a c 000 0 spa
010 ## - NÚMERO DE CONTROL DE LA BIBLIOTECA DEL CONGRESO
Número de control de LC 94217944
035 ## - NÚMERO DE CONTROL DEL SISTEMA
Número de control de sistema (CStRLIN)NYCGAGY7249-B
040 ## - FUENTE DE LA CATALOGACIÓN
Centro catalogador/agencia de origen DO-SdBNP
Centro/agencia transcriptor DLC
Centro/agencia modificador DLC
043 ## - CÓDIGO DE ÁREA GEOGRÁFICA
Código de área geográfica e-sp---
050 00 - SIGNATURA TOPOGRÁFICA DE LA BIBLIOTECA DEL CONGRESO
Número de clasificación N7108
Número de documento/Ítem .C576 1993
245 03 - MENCIÓN DE TÍTULO
Título La coleccion de arte mas viajera.
260 ## - PUBLICACIÓN, DISTRIBUCIÓN, ETC.
Lugar de publicación, distribución, etc. [Madrid :
Nombre del editor, distribuidor, etc. s.n.,
Fecha de publicación, distribución, etc. 1993].
300 ## - DESCRIPCIÓN FÍSICA
Extensión 73 p. :
Otras características físicas col. ill. ;
Dimensiones 30 cm.
500 ## - NOTA GENERAL
Nota general "Coleccion El aire" -- Cover.
500 ## - NOTA GENERAL
Nota general Catalog of an exhibition of works by contemporary Spanish artists commissioned by Iberia airline and exhibited at various international locations.
650 #0 - PUNTO DE ACCESO ADICIONAL DE MATERIA--TÉRMINO DE MATERIA
Término de materia o nombre geográfico como elemento de entrada Art, spanish
Subdivisión cronológica 20th century
Subdivisión de forma Exhibitions.
9 (RLIN) 33881
610 20 - PUNTO DE ACCESO ADICIONAL DE MATERIA--NOMBRE DE ENTIDAD CORPORATIVA
Nombre de entidad corporativa o nombre de jurisdicción como elemento de entrada Iberia (Airline)
Subdivisión general Art collections
Subdivisión de forma Exhibitions.
9 (RLIN) 33882
650 #0 - PUNTO DE ACCESO ADICIONAL DE MATERIA--TÉRMINO DE MATERIA
Término de materia o nombre geográfico como elemento de entrada Art
Subdivisión general Private collections
Subdivisión geográfica Spain
Subdivisión de forma Exhibitions.
9 (RLIN) 33883
710 2# - PUNTO DE ACCESO ADICIONAL--NOMBRE DE ENTIDAD CORPORATIVA
Nombre de entidad corporativa o nombre de jurisdicción como elemento de entrada Iberia (Airline)
9 (RLIN) 33884
740 0# - PUNTO DE ACCESO ADICIONAL--TÍTULO RELACIONADO O ANALÍTICO NO CONTROLADO
Título relacionado o analítico no controlado Coleccion El aire.
910 ## - DATOS DE OPCIÓN DEL USUARIO (OCLC)
Datos de opción del usuario Catalogación por copia / LC
Existencias
Estado de retiro Estado de pérdida Restricciones de uso No para préstamo Código de colección Localización permanente Ubicación/localización actual Ubicación en estantería Fecha de adquisición Número de inventario Total de préstamos Signatura topográfica completa Código de barras Fecha visto por última vez Precio válido a partir de Tipo de ítem Koha
      Préstamo restrigido Monografías: Libros y Folletos General General En encuadernación 27.01.2010 LF1   14967-10 25.06.2020 25.06.2020 No se presta

Con tecnología Koha